Recopilacion seleccionada de decisiones del Fondo Monetario Internacional y otros documentos Suplemento de la decimotercera edicion.

Recopilacion seleccionada de decisiones del Fondo Monetario Internacional y otros documentos Suplemento de la decimotercera edicion.

Bibliografske podrobnosti
Korporativna značnica: International Monetary Fund
Format: Revija
Jezik:English
Izdano: Washington, D.C. : International Monetary Fund, 1988.
Online dostop:Full text available on IMF
LEADER 01286cas a2200217 a 4500
001 AALejournalIMF014039
008 230101c9999 xx r poo 0 0eng d
020 |c 15.00 USD 
020 |z 9781475534177 
040 |a BD-DhAAL  |c BD-DhAAL 
110 2 |a International Monetary Fund. 
240 1 0 |a Recopilacion seleccionada de decisiones del Fondo Monetario Internacional y otros documentos Suplemento de la decimotercera edicion.  |l Spanish 
245 1 0 |a Recopilacion seleccionada de decisiones del Fondo Monetario Internacional y otros documentos Suplemento de la decimotercera edicion. 
264 1 |a Washington, D.C. :  |b International Monetary Fund,  |c 1988. 
300 |a 1 online resource (100 pages) 
500 |a <strong>Off-Campus Access:</strong> No User ID or Password Required 
500 |a <strong>On-Campus Access:</strong> No User ID or Password Required 
506 |a Electronic access restricted to authorized BRAC University faculty, staff and students 
520 3 |a Recopilacion seleccionada de decisiones del Fondo Monetario Internacional y otros documentos Suplemento de la decimotercera edicion. 
538 |a Mode of access: Internet 
856 4 0 |z Full text available on IMF  |u http://elibrary.imf.org/view/books/014/20941-9781475534177-es/20941-9781475534177-es-book.xml  |z IMF e-Library